000
00216 a2200097 4500
001
17541
100
_a
Buban, P
245
_a
Technical electricity & electronics
260
_a
_b
McGraw-Hill
_c
090
_c
12933
_d
12933
942
_a
NUST-CAE
_c
M
_c
3262
999
_c
252614
_d
252614